000 00424nam a2200157Ia 4500
008 210716s2001 xx 000 0 und d
020 _a818732838X
041 _aeng
082 _a004 KRIN
100 _aKrishnan, N.
245 _aComputer fundamentals and windows with internet technology.
250 _a1
260 _aChennai
_bScitech Publications Pvt Ltd.
_c2001
300 _a365
650 _aComputer Fundamentals
999 _c185295
_d185295